The last of the wine

保存先:
書誌詳細
第一著者: Renault, Mary
フォーマット: 図書
言語:英語
タグ: タグ追加
タグなし, このレコードへの初めてのタグを付けませんか!

MARC

LEADER 00000nam a2200000 4500
001 CDOM0000002477
003 mi
005 20250922141151.0
008 250922b |||||||| |||| 00| 0 eng d
040 |c mi 
100 |a Renault, Mary 
245 1 |a The last of the wine  
942 |2 ddc  |c BK 
952 |0 0  |1 0  |2 ddc  |4 0  |7 1  |9 6010  |a MI  |b MI  |d 1987-11-27  |i 695  |l 0  |p CDOM695  |r 2025-07-13 16:28:00  |w 2025-07-13  |x DONO  |y BK 
999 |c 4802  |d 4802